00761pam a2200193 a 4500020001500000040000800015082002600023100001900049245006600068260008100134300002500215500002000240650001800260856006300278856005500341942000700396999001700403952014700420 a052124143X cDLC00a330 CAM 1983 A075 Or.1 aMaddala, G. S.10aLimited-dependent and qualitative variables in econometrics / aCambridge [Cambridgeshire] ;aNew York :bCambridge University Press,c1983. axi, 401 p. ;c24 cm. aIncludes index. 0aEconometrics.42uhttp://www.loc.gov/catdir/description/cam022/82009554.html41uhttp://www.loc.gov/catdir/toc/cam026/82009554.html cEK c15313d15313 0010406330_000000000000000_CAM_1983_A075_OR70968265aLBAbLBAcA075d2017-11-15o330 CAM 1983 A075 Or.pA06042r2017-11-15w2017-11-15yEK